000 01312cam a22002174a 4500
005 20250605163548.0
008 250528s ||||||||||||||||||||||||d
035 _a21805
020 _a9789603449720
040 _aGR-AtMCL
_bgre
_dGR-AtMCL
_eAACR2
245 1 _aΚΛΙΝΙΚΗ ΨΥΧΟΛΟΓΙΑ: ΣΥΓΧΡΟΝΑ ΘΕΜΑΤΑ ΚΛΙΝΙΚΗΣ ΠΡΑΚΤΙΚΗΣ ΚΑΙ ΕΡΕΥΝΑΣ
250 _a5
260 _bΕλληνικά Γράμματα,
_c2009
300 _a235
505 0 _aΗ ΚΛΙΝΙΚΗ ΨΥΧΟΛΟΓΙΑ: Η ΕΚΠΑΙΔΕΥΣΗ ΚΑΙ ΤΟ ΕΡΓΟ ΤΟΥ ΚΛΙΝΙΚΟΥ ΨΥΧΟΛΟΓΟΥ Η ΚΛΙΝΙΚΗ ΠΡΑΚΤΙΚΗ ΣΤΗΝ ΚΟΙΝΟΤΗΤΑ Η ΕΡΕΥΝΑ ΓΙΑ ΤΗΝ ΑΞΙΟΛΟΓΗΣΗ ΤΟΥ ΘΕΡΑΠΕΥΤΙΚΟΥ ΑΠΟΤΕΛΕΣΜΑΤΟΣ Η ΨΥΧΟΛΟΓΙΑ ΣΤΗΝ ΕΥΡΩΠΗ
520 _aΗ ΚΛΙΝΙΚΗ ΨΥΧΟΛΟΓΙΑ: Η ΕΚΠΑΙΔΕΥΣΗ ΚΑΙ ΤΟ ΕΡΓΟ ΤΟΥ ΚΛΙΝΙΚΟΥ ΨΥΧΟΛΟΓΟΥ Η ΚΛΙΝΙΚΗ ΠΡΑΚΤΙΚΗ ΣΤΗΝ ΚΟΙΝΟΤΗΤΑ Η ΕΡΕΥΝΑ ΓΙΑ ΤΗΝ ΑΞΙΟΛΟΓΗΣΗ ΤΟΥ ΘΕΡΑΠΕΥΤΙΚΟΥ ΑΠΟΤΕΛΕΣΜΑΤΟΣ Η ΨΥΧΟΛΟΓΙΑ ΣΤΗΝ ΕΥΡΩΠΗ
700 1 _aΠοταμιανος Γρηγορης Α
942 _cBK
999 _c6864
_d6864